000 00586nam a2200205Ia 4500
005 20250508162333.0
008 008 250505s9999 xx 000 0 eng d
037 _aTextual
040 _aFEDL
_beng
_cFEDL
041 _aeng
_2eng
084 _a363.7, DES
_qFEDL
100 _aDesh Bandhu Ed.
245 0 _aEnvironmental education
260 _aNew Delhi, India
_bIndian Environment Society
_c1981
300 _axiv,140p
650 _aEnvironmental Education
_9766882
700 _a Aulakh G. S.
_9772905
942 _cTEXL
_h363.7, DES
999 _c1375919
_d1375919